| 000 | 00435nam a22001337a 4500 | ||
|---|---|---|---|
| 999 |
_c13292 _d13292 |
||
| 008 | 161126b xxu||||| |||| 00| 0 eng d | ||
| 022 | _a01150839 | ||
| 082 |
_2March 2014-June 2015, v.55-56 _aDPer 613.05 _bH34 |
||
| 245 | _aHealth and home. | ||
| 260 |
_aCaloocan City: _bPhil. Publishing House, _cMarch 2014 - June 2015. |
||
| 300 |
_a1 volume: _bcolor illustrations, _c27 cm. |
||
| 650 | 0 |
_aHealth _vPeriodicals _937178 |
|
| 942 |
_2ddc _cPER |
||